: دشتِ تحّرات (Record no. 109281)

MARC details
000 -LEADER
fixed length control field 00957nam a22002537a 4500
005 - DATE AND TIME OF LATEST TRANSACTION
control field 20170123162351.0
010 ## - LIBRARY OF CONGRESS CONTROL NUMBER
LC control number B-012625
020 ## - INTERNATIONAL STANDARD BOOK NUMBER
Terms of availability 350.00
International Standard Book Number 8186232826
035 ## - SYSTEM CONTROL NUMBER
System control number B-012625
037 ## - SOURCE OF ACQUISITION
Source of stock number/acquisition Cen Lib / Ret
040 ## - CATALOGING SOURCE
Original cataloging agency DPL
Language of cataloging UR
082 ## - DEWEY DECIMAL CLASSIFICATION NUMBER
Classification number 841
Item number م ح م
100 ## - MAIN ENTRY--PERSONAL NAME
Personal name پرویز، صلآلدّین
9 (RLIN) 673
245 ## - TITLE STATEMENT
Title : دشتِ تحّرات
Statement of responsibility, etc صلآلدّین پرویز
Remainder of title / 1985-1998 تک کی نظموں کا انتخاب
246 ## - VARYING FORM OF TITLE
Title proper/short title Dasht-e-tahiyyuraat: 1985-1998 tak ki nazmoon ka intkhab /
Remainder of title by Salahuddin Pervez
260 ## - PUBLICATION, DISTRIBUTION, ETC. (IMPRINT)
Place of publication, distribution, etc دلہی
Name of publisher, distributor, etc ایجوکیشنل پبلشنگ ہاؤس
Date of publication, distribution, etc 1999
270 ## - ADDRESS
Address 3108-گلی عزیزددن وکل کنک پندت لال کاں
City دلہی
Postal code 110006
300 ## - PHYSICAL DESCRIPTION
Extent 527p.
Dimensions 23cm (Hb)
650 ## - SUBJECT ADDED ENTRY--TOPICAL TERM
Topical term or geographic name as entry element اردوادب
9 (RLIN) 137164
650 ## - SUBJECT ADDED ENTRY--TOPICAL TERM
Topical term or geographic name as entry element اردو شاعری
9 (RLIN) 137165
650 ## - SUBJECT ADDED ENTRY--TOPICAL TERM
Topical term or geographic name as entry element Urdu Literature
9 (RLIN) 137166
650 ## - SUBJECT ADDED ENTRY--TOPICAL TERM
Topical term or geographic name as entry element Urdu Poetry
9 (RLIN) 137167
942 ## - ADDED ENTRY ELEMENTS (KOHA)
Source of classification or shelving scheme Dewey Decimal Classification
Koha item type Urdu Bks
Classification part 841
Call number suffix م ح م
Holdings
Withdrawn status Lost status Damaged status Not for loan Home library Current library Date acquired Source of acquisition Cost, normal purchase price Total Checkouts Full call number Barcode Date last seen Copy number Cost, replacement price Price effective from Koha item type
        Central Library Central Library 02/03/2016 Cen Lib/Ref 350.00   841 م ح م B-012625 02/03/2016 1 350.00 02/03/2016 Urdu Bks

© Delhi Public Library
Hit Counter
free hit counter